Religions on the World Map - Statistics

General Stats
  • This quiz has been taken 1,842 times
    1,787 since last reset
  • The average score is 11 of 20
Answers on the Map
Answers color-coded by a green-red scale on the quiz's map according to % correct below.
 
Answer Stats
Population Religion % Correct
1300 Catholicism
91%
500 Buddhism
88%
1100 Hinduism
88%
900 Protestantism
82%
900 Sunni
82%
200 Shia
81%
15 Shintoism
74%
14 Judaism
63%
12 Taoism
61%
16 Mormonism
53%
30 Sikhism
51%
270 Eastern Orthodox
46%
3 Zoroastrianism
45%
6 Confucianism
43%
4 Jainism
38%
7 Baha'i
29%
8 Jehovah's Witness
12%
86 Oriental Orthodox
12%
4 Cao Dai
9%
2 Tenrikyo
3%
No matching quizzes found
Score Distribution
Percent of People with Each Score
Percentile by Number Answered
Your Score History
You have not taken this quiz since the last reset